| 000 | 01354nam0a22003251 4500 | ||
|---|---|---|---|
| 001 | v19\rc\1714510 | ||
| 005 | 20260405220736.0 | ||
| 035 | _a(NLR Aleph) 004813587 | ||
| 090 |
_a4951653 _c4951653 |
||
| 100 | _a20061002d1900 |||y0rusy50 ca | ||
| 101 | 1 |
_arus _cfre |
|
| 102 | _aRU | ||
| 105 | _aa z ||||| | ||
| 200 | 1 |
_aНовое воспитание _eШкола де Рош _fЭдмонд Демолен |
|
| 210 |
_aМосква _c"Нар. б-ка" В.Н. Маракуева _d1900 |
||
| 215 |
_a[2], 258, II с., 16 л. ил. _d15 |
||
| 327 | 0 | _aС. 183-201: Реформа образования: Лекция Жюля Леметра в Сорбонне | |
| 464 | 0 |
_12001#$aРеформа образования$eЛекция Жюля Леметра в Сорбонне _1215##$aС. 183-201 _1700#1$aЛеметр$bЖ.$f1853-1914$gЖюль$3RU\NLR\AUTH\7745474 _tРеформа образования _aЛеметр, Жюль (1853-1914) |
|
| 700 | 1 |
_8rus _7ca _aДемолен _bЭ. _f1852-1907 _gЭдмон _3RU\NLR\AUTH\7799140 _982066 |
|
| 702 | 1 |
_aРош _bде _4570 |
|
| 801 | 0 |
_aRU _bNLR _gpsbo |
|
| 801 | 0 |
_aRU _bRuMoRGB _2psbo |
|
| 801 | 1 |
_aRU _bProSoft-M _2rusmarc |
|
| 852 |
_aNLR _j20.75.5.8 |
||
| 899 |
_aRuMoRGB _jРб 16/72 |
||
| 899 |
_aRuMoRGB _jS 37/814 |
||
| 899 |
_aRuMoRGB _jU 398/309 |
||
| 942 | _cBOOK | ||
| 980 | _aNB | ||